000 00428nam a2200169Ia 4500
001 17680
003 IN-NITTTR
005 20251114233207.0
008 251113s9999||||xx |||||||||||||| ||eng||
040 _beng
040 _cIN-NITTTR
041 _aeng
082 _a331.702 B151F
100 _aBailey, Larry J.
245 0 _aFacilitating career development :
_b an annoted bibliograpy. /
_cBailey, Larry J.
942 _2ddc
_cBK
999 _c20314
_d20314